000 00317nam a2200133Ia 4500
005 20260328104253.0
008 260328s9999||||xx |||||||||||||| ||und||
100 _aWright, Frank Lloyd
245 2 _aA Testament /
_cFrank Lloyd Wright
260 _bHorizon
300 _a250 p.
650 _aARQUITECTOS
942 _cBK
999 _c10318
_d10318